Boys Names that start with D - Statistics

General Stats
  • This quiz has been taken 719 times
  • The average score is 12 of 29
Answer Stats
Answer % Correct
David
91%
Daniel
90%
Donald
76%
Dylan
70%
Damian
66%
Darren
66%
Derek
62%
Dennis
59%
Dominic
56%
Dean
51%
Drake
51%
Drew
49%
Devon
48%
Douglas
46%
Damon
40%
Dustin
40%
Dale
31%
Davis
31%
Dawson
29%
Dorian
28%
Duncan
26%
Dalton
23%
Dane
22%
Dallas
19%
Diego
19%
Donovan
17%
Dion
16%
Dirk
16%
Dario
9%
No matching quizzes found
Score Distribution
Percent of People with Each Score
Percentile by Number Answered
Your Score History
You have not taken this quiz